| 000 | 00598nam a2200169 i 4500 | ||
|---|---|---|---|
| 001 | 27349 | ||
| 003 | ES-MaACL | ||
| 005 | 20251014063057.0 | ||
| 007 | t| | ||
| 008 | 030114s1962 sp ||||1| spa d | ||
| 100 | 1 |
_aAranzadi, Iñigo de, _d1922- _922331 |
|
| 245 | 1 | 3 |
_aLa adivinanza en la zona de los Mtumu _b: tradiciones orales del bosque Fang / _cpor Iñigo de Aranzadi. |
| 260 |
_aMadrid : _bConsejo Superior de Investigaciones Cientificas, Instituto de Estudios Africanos, _c1962. |
||
| 300 |
_a310 p. ; _c24 cm. |
||
| 852 |
_aES-MaACL _jC-26722 _bR.55892 |
||
| 999 |
_c27349 _d27349 |
||